000
00469nam a2200145Ia 4500
008
100204s9999 xx 000 0 und d
082
_b
19814
100
_a
दुर्वे लालू
245
_a
कॉल ऑफ द टायगर
260
_b
"आरती प्रकाशन, डोंबिवली"
_c
1997
300
_a
189
630
_a
कॉल ऑफ द टायगर
730
_a
कॉल ऑफ द टायगर
942
_c
BOOK
999
_c
464236
_d
464233